Aircraft Modelling made easy
| Main Author: | |
|---|---|
| Format: | Book |
| Published: |
England :
Argus Books ,
1990
|
| Subjects: |
MARC
| LEADER | 00000cam a2200000 7i4500 | ||
|---|---|---|---|
| 001 | 0000004817 | ||
| 002 | 000005193 | ||
| 005 | 20000330.0 | ||
| 020 | |a 1854860275 | ||
| 090 | 0 | 0 | |a 796.15 |b GUE |
| 100 | 1 | |a Guest, Glynn | |
| 245 | 1 | 0 | |a Aircraft Modelling made easy |c Glynn Guess |
| 260 | |a England : |b Argus Books , |c 1990 | ||
| 300 | |a 63p. : |b Illust | ||
| 650 | 0 | 0 | |a Model Aircraft (lecreation) |
| 999 | |a 033472 |b BUKU |c PINJAMAN |e PERPUSTAKAAN KOMUNITI PETALING JAYA | ||